One Piece Groups - Statistics

General Stats
  • This quiz has been taken 558 times
    521 since last reset
  • The average score is 15 of 16
Answer Stats
Hint Answer % Correct
Captain Luffy
100%
Musician Brook
99%
Doctor Chopper
99%
Navigator Nami
99%
Archeologist Robin
99%
Cook Sanji
99%
First Mate/Swordsman Zoro
99%
Shipwright Franky
98%
Sniper Usopp
98%
Alabasta Vivi
96%
Helmsman Jinbe
95%
Ship Thousand Sunny
87%
Ship Going Merry
86%
Wano Yamato
82%
Zou/WCI/Wano Carrot
71%
Impel Down Bon Clay
69%
No matching quizzes found
Score Distribution
Percent of People with Each Score
Percentile by Number Answered
Your Score History
You have not taken this quiz since the last reset